Psychiatric hospitalization of school-age children / (Record no. 1453)

MARC details
000 -LEADER
fixed length control field 01230fam a2200373 a 4500
005 - DATE AND TIME OF LATEST TRANSACTION
control field 20260322212101.0
008 - FIXED-LENGTH DATA ELEMENTS--GENERAL INFORMATION
fixed length control field data
010 ## - LIBRARY OF CONGRESS CONTROL NUMBER
LC control number 91047119
020 ## - INTERNATIONAL STANDARD BOOK NUMBER
International Standard Book Number 0880484241
020 ## - INTERNATIONAL STANDARD BOOK NUMBER
International Standard Book Number 9780880484244
040 ## - CATALOGING SOURCE
Original cataloging agency DNLM/DLC
Transcribing agency DLC
Modifying agency CtY-M
050 00 - LIBRARY OF CONGRESS CALL NUMBER
Classification number RJ504.5
Item number .D33 1992
060 ## - NATIONAL LIBRARY OF MEDICINE CALL NUMBER
Classification number WS 350.2 D152p
001 - CONTROL NUMBER
control field data
100 1# - MAIN ENTRY--PERSONAL NAME
Personal name Dalton, Richard,
Dates associated with a name 1949-
245 10 - TITLE STATEMENT
Title Psychiatric hospitalization of school-age children /
Statement of responsibility, etc. Richard Dalton & Marc A. Forman.
250 ## - EDITION STATEMENT
Edition statement [1st ed.]
260 ## - PUBLICATION, DISTRIBUTION, ETC.
Place of publication, distribution, etc. Washington, DC :
Name of publisher, distributor, etc. American Psychiatric Press,
Date of publication, distribution, etc. c1992.
263 ## - PROJECTED PUBLICATION DATE
Projected publication date 9209
300 ## - PHYSICAL DESCRIPTION
Extent xv, 203 p. ;
Dimensions 24 cm.
504 ## - BIBLIOGRAPHY, ETC. NOTE
Bibliography, etc. note Includes bibliographical references and index.
590 ## - LOCAL NOTE (RLIN)
Local note Includes bibliographical references and index.
650 #0 - SUBJECT ADDED ENTRY--TOPICAL TERM
Topical term or geographic name entry element Child psychotherapy
General subdivision Residential treatment.
650 #0 - SUBJECT ADDED ENTRY--TOPICAL TERM
Topical term or geographic name entry element Mentally ill children
General subdivision Hospital care.
650 #0 - SUBJECT ADDED ENTRY--TOPICAL TERM
Topical term or geographic name entry element Psychiatric hospital care.
650 #2 - SUBJECT ADDED ENTRY--TOPICAL TERM
Topical term or geographic name entry element Child, Hospitalized.
650 #2 - SUBJECT ADDED ENTRY--TOPICAL TERM
Topical term or geographic name entry element Hospitals, Psychiatric.
650 #2 - SUBJECT ADDED ENTRY--TOPICAL TERM
Topical term or geographic name entry element Hospitalization.
650 #2 - SUBJECT ADDED ENTRY--TOPICAL TERM
Topical term or geographic name entry element Mental Disorders
General subdivision in infancy & childhood.
650 #2 - SUBJECT ADDED ENTRY--TOPICAL TERM
Topical term or geographic name entry element Mental Disorders
General subdivision therapy.
650 #2 - SUBJECT ADDED ENTRY--TOPICAL TERM
Topical term or geographic name entry element Psychotherapy
General subdivision in infancy & childhood.
650 #2 - SUBJECT ADDED ENTRY--TOPICAL TERM
Topical term or geographic name entry element Psychotherapy
General subdivision methods.
700 1# - ADDED ENTRY--PERSONAL NAME
Personal name Forman, Marc A.,
Dates associated with a name 1935-
Holdings
Withdrawn status Lost status Damaged status Not for loan Home library Current library Shelving location Date acquired Total checkouts Full call number Barcode Date last seen Price effective from Koha item type
        Franklin Franklin General stacks 22/03/2026   RJ504.5 .D33 1992 BC0011500 22/03/2026 22/03/2026 Books